|
|
|
|
| LEADER |
00000nam a2200000 i 4500 |
| 001 |
1/64503 |
| 008 |
041101s2001 gre d |
| 020 |
|
|
|a 960-382-452-6
|
| 035 |
|
|
|l 10075017
|
| 040 |
|
|
|a GR-MY-UA
|b gre
|e aacr
|
| 041 |
0 |
|
|a gre
|
| 082 |
0 |
|
|a 510.92
|
| 100 |
1 |
|
|a Καραθεοδωρή-Ροδοπούλου, Δέσποινα.
|
| 245 |
1 |
0 |
|a Κωνσταντίνος Καραθεοδωρή :
|b ο σοφός Έλλην του Μονάχου /
|c Δέσποινα Καραθεοδωρή-Ροδοπούλου, Δέσποινα Βλαχοστέργιου-Βασβατέλη
|
| 260 |
|
|
|a Αθήνα :
|b Κάκτος,
|c 2001
|
| 300 |
|
|
|a 284 σ.;
|b εικ.;
|c 25 εκ.
|
| 600 |
1 |
0 |
|a Καραθεοδωρής, Κωνσταντίνος Στ.,
|d 1873-1950.
|
| 650 |
0 |
0 |
|a Mathematicians
|x Biography.
|
| 700 |
1 |
|
|a Βλαχοστέργιου-Βασβατέκη, Δέσποινα.
|
| 852 |
|
|
|a INST
|b CHIOS
|e 20041101
|h 510.92 ΚΑΡ
|p 005200022686
|q 005200022686
|t BK
|y 0
|
| 852 |
|
|
|a INST
|b CHIOS
|e 20041101
|h 510.92 ΚΑΡ
|p 005200022687
|q 005200022687
|t BK
|y 0
|
| 852 |
|
|
|a INST
|b LESVOS
|e 20041101
|h 510.92 ΚΑΡ
|p 005100030392
|q 005100030392
|t BK
|y 0
|
| 852 |
|
|
|a INST
|b LESVOS
|e 20041101
|h 510.92 ΚΑΡ
|p 005100030393
|q 005100030393
|t BK
|y 0
|
| 852 |
|
|
|a INST
|b RHODES
|e 20041101
|h 510.92 ΚΑΡ
|p 005400017924
|q 005400017924
|t BK
|y 0
|
| 852 |
|
|
|a INST
|b RHODES
|e 20041101
|h 510.92 ΚΑΡ
|p 005400017925
|q 005400017925
|t BK
|y 0
|
| 901 |
|
|
|a BIBL1-2004-3
|
| 901 |
|
|
|a BIBL2-2004-3
|
| 909 |
|
|
|a Ρ
|b 116301
|
| 909 |
|
|
|a Χ
|b 116300
|
| 909 |
|
|
|a Λ
|b 116303
|
| 909 |
|
|
|a Λ
|b 116304
|
| 909 |
|
|
|a Χ
|b 116299
|
| 909 |
|
|
|a Ρ
|b 116302
|
| 922 |
|
|
|a 1ΕΛΗ
|b 200410
|c ΤΑΚ/ΚΥΒ
|d ΠΑΠΑΣΩΤΗΡΙΟΥ
|
| 922 |
|
|
|a 2ΕΛΗ
|b 200410
|c ΚΕΝΤΡΙΚΗ ΒΙΒΛΙΟΘΗΚΗ
|d ΠΑΠΑΣΩΤΗΡΙΟΥ
|
| 950 |
|
|
|a 023-2004-10-26
|
| 970 |
|
|
|a ΤΖΑΦΕΡΗ
|b ΕΥΑΓΓΕΛΙΑ
|z 2004/11/01
|